[Event "Titled Tuesday intern op 03rd Jan Late"]
[Site "Chess.com INT"]
[Date "2025.06.03"]
[Round "1"]
[White "De Sousa, Antonio Micaias Sil"]
[Black "Holinka, Henning"]
[Result "0-1"]
[WhiteElo "2007"]
[BlackElo "2303"]
[PlyCount "36"]
[EventDate "2025.06.03"]
[EventType "swiss (blitz)"]
[EventRounds "11"]
[EventCountry "USA"]
[SourceTitle "CB24_2025"]
[SourceDate "2025.06.11"]
[SourceVersion "1"]
[SourceVersionDate "2025.06.11"]
[SourceQuality "1"]

1. e4 a5 2. d4 b6 3. Bd3 Bb7 4. Nf3 g6 5. 0-0 Bg7 6. c3 d6 7. Nbd2 Nd7 8. Re1 e5 9. Nf1 Ne7 10. Ng3 0-0 11. a4 Nc6 12. Bc4 exd4 13. cxd4 Nf6 14. Bb3 Nb4 15. Bf4 Re8 16. d5 Nd7 17. Qd2 Nc5 18. Nd4 Bxd4 0-1

[Event "Titled Tuesday intern op 03rd Jan Late"]
[Site "Chess.com INT"]
[Date "2025.06.03"]
[Round "8"]
[White "Schuster, Karsten"]
[Black "Holinka, Henning"]
[Result "0-1"]
[WhiteElo "2266"]
[BlackElo "2303"]
[PlyCount "56"]
[EventDate "2025.06.03"]
[EventType "swiss (blitz)"]
[EventRounds "11"]
[EventCountry "USA"]
[SourceTitle "CB24_2025"]
[SourceDate "2025.06.11"]
[SourceVersion "1"]
[SourceVersionDate "2025.06.11"]
[SourceQuality "1"]

1. d4 d5 2. c4 Nf6 3. cxd5 Nxd5 4. Nf3 Nb6 5. Nc3 g6 6. e4 Bg7 7. Qb3 0-0 8. Be3 Nc6 9. d5 Ne5 10. Nxe5 Bxe5 11. Rd1 f5 12. f4 Bxc3+ 13. bxc3 fxe4 14. c4 e6 15. dxe6 Qe7 16. c5 Bxe6 17. Qc2 Nd5 18. Qxe4 Rae8 19. Rxd5 Bxd5 20. Qxd5+ Rf7 21. Bc4 Qxe3+ 22. Kd1 Ree7 23. Qd2 Qxc5 24. Bxf7+ Kxf7 25. Rf1 Qb5 26. Qf2 Qd3+ 27. Kc1 Re2 28. Qc5 Qd2+ 0-1

[Event "Itzehoe op"]
[Site "Itzehoe"]
[Date "2025.05.29"]
[Round "1"]
[White "Westerhoff, Ralf"]
[Black "Holinka, Henning"]
[Result "0-1"]
[WhiteElo "1704"]
[BlackElo "2303"]
[PlyCount "62"]
[EventDate "2025.05.29"]
[EventType "swiss"]
[EventRounds "7"]
[EventCountry "GER"]
[SourceTitle "CB23_2025"]
[SourceDate "2025.06.04"]
[SourceVersion "1"]
[SourceVersionDate "2025.06.04"]
[SourceQuality "1"]

1. d4 d5 2. Nf3 e6 3. c4 a6 4. a4 Nc6 5. e3 Nf6 6. Nc3 Bb4 7. Bd2 0-0 8. cxd5 exd5 9. Be2 Bf5 10. Na2 Bd6 11. Qb3 Qd7 12. 0-0 Ne4 13. Rfc1 Nxd2 14. Nxd2 b6 15. Bf3 Be6 16. Qc3 Ne7 17. Nb4 c5 18. Nd3 Rfc8 19. b3 Nf5 20. dxc5 bxc5 21. Qb2 Rab8 22. e4 Nd4 23. exd5 Nxf3+ 24. Nxf3 Bxd5 25. Nfe5 Qe6 26. Nc4 Bxc4 27. Rxc4 Qxc4 28. bxc4 Rxb2 29. Nxb2 Be5 30. Ra2 Rd8 31. Kf1 Rd2 0-1

[Event "GER-ch Blitz"]
[Site "Munich"]
[Date "2025.05.24"]
[Round "21"]
[White "Bluebaum, Matthias"]
[Black "Holinka, Henning"]
[Result "1-0"]
[WhiteElo "2660"]
[BlackElo "2303"]
[PlyCount "57"]
[EventDate "2025.05.24"]
[EventType "tourn (blitz)"]
[EventRounds "29"]
[EventCountry "GER"]
[EventCategory "6"]
[SourceTitle "CB22_2025"]
[SourceDate "2025.05.28"]
[SourceVersion "1"]
[SourceVersionDate "2025.05.28"]
[SourceQuality "1"]

1. d4 g6 2. c4 Bg7 3. e4 d6 4. Nc3 e5 5. Nf3 Nc6 6. Bg5 f6 7. Be3 Nge7 8. dxe5 Nxe5 9. Nxe5 fxe5 10. c5 Be6 11. cxd6 cxd6 12. Bb5+ Kf7 13. 0-0 Rf8 14. Ba4 a6 15. Bb3 Qd7 16. Na4 Bxb3 17. Qxb3+ Qe6 18. Qxb7 Rfb8 19. Qc7 Rb4 20. Nb6 Re8 21. Rfd1 Rxe4 22. Rxd6 Qf5 23. Nd5 Kf8 24. Rd8 Qf7 25. Bc5 Bf6 26. Rxe8+ Kxe8 27. Qb8+ Kd7 28. Nxf6+ Qxf6 29. Qb7+ 1-0

[Event "GER-ch Blitz"]
[Site "Munich"]
[Date "2025.05.24"]
[Round "17"]
[White "Donchenko, Alexander"]
[Black "Holinka, Henning"]
[Result "1-0"]
[WhiteElo "2615"]
[BlackElo "2303"]
[PlyCount "63"]
[EventDate "2025.05.24"]
[EventType "tourn (blitz)"]
[EventRounds "29"]
[EventCountry "GER"]
[EventCategory "6"]
[SourceTitle "CB22_2025"]
[SourceDate "2025.05.28"]
[SourceVersion "1"]
[SourceVersionDate "2025.05.28"]
[SourceQuality "1"]

1. Nf3 d5 2. g3 Nf6 3. Bg2 e6 4. 0-0 Nc6 5. c4 Bd6 6. b3 0-0 7. Bb2 e5 8. cxd5 Nxd5 9. Nc3 Nxc3 10. dxc3 f5 11. e4 Qe7 12. c4 f4 13. a3 fxg3 14. fxg3 a5 15. Kh1 Bg4 16. h3 Be6 17. Qc2 b6 18. Kh2 Rf7 19. Nh4 Nd4 20. Bxd4 exd4 21. Rxf7 Qxh4 22. Rf3 Rf8 23. Rxf8+ Kxf8 24. Qf2+ Kg8 25. Rf1 Qg5 26. Qf3 h5 27. Kh1 Bxg3 28. Qf8+ Kh7 29. Qe8 Qh6 30. Rf8 Qc1+ 31. Bf1 g5 32. Qxe6 1-0

[Event "GER-ch Blitz"]
[Site "Munich"]
[Date "2025.05.24"]
[Round "9"]
[White "Kopylov, Michael"]
[Black "Holinka, Henning"]
[Result "1-0"]
[WhiteElo "2333"]
[BlackElo "2303"]
[PlyCount "79"]
[EventDate "2025.05.24"]
[EventType "tourn (blitz)"]
[EventRounds "29"]
[EventCountry "GER"]
[EventCategory "6"]
[SourceTitle "CB22_2025"]
[SourceDate "2025.05.28"]
[SourceVersion "1"]
[SourceVersionDate "2025.05.28"]
[SourceQuality "1"]

1. d4 d5 2. c4 e6 3. Nf3 Bb4+ 4. Nbd2 Nf6 5. g3 0-0 6. Bg2 dxc4 7. Qc2 c5 8. dxc5 Bxc5 9. 0-0 Nc6 10. Nxc4 Qe7 11. a3 a6 12. b4 Ba7 13. Bf4 Rd8 14. Rfd1 Nd5 15. Ng5 g6 16. Ne4 f6 17. Bd6 Qf7 18. Qb2 Nce7 19. Bxe7 Qxe7 20. Rxd5 exd5 21. Nxf6+ Kf8 22. Nxd5 Qg7 23. Ne5 Be6 24. Rd1 Bxd5 25. Bxd5 Rd6 26. Kg2 Re8 27. f4 Red8 28. e4 Rc8 29. Rc1 Rdd8 30. Rxc8 Rxc8 31. Qd2 Qc7 32. Kh3 Qc1 33. Qe2 Kg7 34. Qg4 Qc7 35. Qe6 Rf8 36. Nd7 Rd8 37. Qf6+ Kh6 38. Ne5 Qc8+ 39. Ng4+ Kh5 40. Qg5# 1-0

[Event "GER-ch Blitz"]
[Site "Munich"]
[Date "2025.05.24"]
[Round "15"]
[White "Moeller, Maurin"]
[Black "Holinka, Henning"]
[Result "1-0"]
[WhiteElo "2291"]
[BlackElo "2303"]
[PlyCount "87"]
[EventDate "2025.05.24"]
[EventType "tourn (blitz)"]
[EventRounds "29"]
[EventCountry "GER"]
[EventCategory "6"]
[SourceTitle "CB22_2025"]
[SourceDate "2025.05.28"]
[SourceVersion "1"]
[SourceVersionDate "2025.05.28"]
[SourceQuality "1"]

1. e4 c5 2. c3 Nf6 3. e5 Nd5 4. Nf3 d6 5. Bb5+ Bd7 6. Bc4 e6 7. 0-0 Nb6 8. Bb3 Nc6 9. d4 cxd4 10. Bf4 dxe5 11. Nxe5 Nxe5 12. Bxe5 Bb5 13. Re1 dxc3 14. Qh5 Bc4 15. Nxc3 Bxb3 16. axb3 Qd7 17. Red1 Qc6 18. Rac1 Rc8 19. Ne2 Qe4 20. Ng3 Qg6 21. Rxc8+ Nxc8 22. Qe2 f6 23. Qb5+ Kf7 24. Qxb7+ Be7 25. Bc3 Qc2 26. Rd7 Re8 27. Rc7 Qd1+ 28. Nf1 Nd6 29. Qc6 Qd5 30. Qa4 Qb5 31. Qd4 Qd5 32. Qe3 Kf8 33. Rxa7 Nf5 34. Qh3 Kg8 35. Qh5 g6 36. Qe2 Bc5 37. Rc7 Bb6 38. Rc4 e5 39. Rb4 Bc5 40. Rb5 Rc8 41. b4 Qc6 42. Rxc5 Qe6 43. Rxc8+ Qxc8 44. Ne3 1-0

[Event "Titled Tuesday intern op 20th May Late"]
[Site "Chess.com INT"]
[Date "2025.05.20"]
[Round "2"]
[White "Holinka, Henning"]
[Black "Kravtsiv, Martyn"]
[Result "0-1"]
[WhiteElo "2303"]
[BlackElo "2598"]
[PlyCount "65"]
[EventDate "2025.05.20"]
[EventType "swiss (blitz)"]
[EventRounds "11"]
[EventCountry "USA"]
[SourceTitle "CB22_2025"]
[SourceDate "2025.05.28"]
[SourceVersion "1"]
[SourceVersionDate "2025.05.28"]
[SourceQuality "1"]

1. Nf3 Nf6 2. g3 d5 3. Bg2 e6 4. 0-0 Be7 5. c4 0-0 6. d4 c6 7. Qc2 b6 8. Nbd2 Bb7 9. b3 c5 10. Bb2 Nc6 11. Rac1 Rc8 12. cxd5 Nxd5 13. Qb1 cxd4 14. Nxd4 Nxd4 15. Bxd4 Rxc1 16. Rxc1 Nf4 17. gxf4 Bxg2 18. Kxg2 Qxd4 19. Ne4 f5 20. Ng3 Qxf4 21. e3 Qe5 22. Qd3 Bc5 23. Rc4 a5 24. Ne2 h6 25. Nf4 Kh7 26. Qe2 Rd8 27. Qh5 Qf6 28. Qf3 Rd2 29. Rc1 Rxa2 30. Rd1 e5 31. Nh5 Qg5+ 32. Ng3 Bxe3 33. Qxe3 0-1

[Event "Titled Tuesday intern op 06th May Early"]
[Site "Chess.com INT"]
[Date "2025.05.06"]
[Round "1"]
[White "Danzer, George"]
[Black "Holinka, Henning"]
[Result "0-1"]
[WhiteElo "2172"]
[BlackElo "2303"]
[PlyCount "74"]
[EventDate "2025.05.06"]
[EventType "swiss (blitz)"]
[EventRounds "11"]
[EventCountry "USA"]
[SourceTitle "CB20_2025"]
[SourceDate "2025.05.14"]
[SourceVersion "1"]
[SourceVersionDate "2025.05.14"]
[SourceQuality "1"]

1. e4 c6 2. d4 d5 3. e5 Bf5 4. h4 h5 5. c4 e6 6. Nc3 Nd7 7. cxd5 cxd5 8. Bd3 Bxd3 9. Qxd3 a6 10. Nf3 Ne7 11. Bg5 Qb6 12. Bxe7 Bxe7 13. 0-0 0-0 14. a3 Rfc8 15. b4 a5 16. Na4 Qc6 17. Nc5 b6 18. b5 Qc7 19. Nxd7 Qxd7 20. a4 Rc4 21. Nd2 Rc7 22. Rfc1 Rac8 23. Nb3 Rxc1+ 24. Rxc1 Bxh4 25. g3 Bg5 26. f4 Be7 27. Qd1 Rc4 28. Rxc4 dxc4 29. Nc1 Qd5 30. Kf2 h4 31. Ne2 Qe4 32. Qd2 hxg3+ 33. Nxg3 Bh4 34. Qc3 Qd3 35. Qxd3 cxd3 36. Kf3 Bxg3 37. Kxg3 d2 0-1

[Event "Titled Tuesday intern op 06th May Early"]
[Site "Chess.com INT"]
[Date "2025.05.06"]
[Round "6"]
[White "Lortkipanidze, Nodar"]
[Black "Holinka, Henning"]
[Result "1-0"]
[WhiteElo "2359"]
[BlackElo "2303"]
[PlyCount "43"]
[EventDate "2025.05.06"]
[EventType "swiss (blitz)"]
[EventRounds "11"]
[EventCountry "USA"]
[SourceTitle "CB20_2025"]
[SourceDate "2025.05.14"]
[SourceVersion "1"]
[SourceVersionDate "2025.05.14"]
[SourceQuality "1"]

1. e4 c5 2. c3 d5 3. exd5 Qxd5 4. d4 Nf6 5. Nf3 Nc6 6. dxc5 Qxc5 7. Na3 a6 8. Nc4 Bg4 9. Be3 Qh5 10. Be2 b5 11. Ncd2 Nd5 12. a4 b4 13. cxb4 Nxe3 14. fxe3 Nxb4 15. 0-0 Qc5 16. Nd4 Bxe2 17. Qxe2 e6 18. Qf3 Qa7 19. Rac1 Bd6 20. Nc4 Bc5 21. Nc6 Qb7 22. N4a5 1-0

[Event "Hamburg HSK Easter op"]
[Site "Hamburg"]
[Date "2025.04.19"]
[Round "3"]
[White "Atri, Jamshid"]
[Black "Holinka, Henning"]
[Result "0-1"]
[WhiteElo "2029"]
[BlackElo "2292"]
[PlyCount "136"]
[EventDate "2025.04.18"]
[EventType "swiss"]
[EventRounds "7"]
[EventCountry "GER"]
[SourceTitle "CB20_2025"]
[SourceDate "2025.05.14"]
[SourceVersion "1"]
[SourceVersionDate "2025.05.14"]
[SourceQuality "1"]

1. e4 g6 2. d4 Bg7 3. Nc3 d6 4. Be3 a6 5. h4 h6 6. Qd2 b5 7. 0-0-0 Bb7 8. f3 Nd7 9. Kb1 Rc8 10. Nh3 c5 11. Nf2 Qa5 12. Ne2 Qc7 13. Rc1 Nb6 14. Ng3 e6 15. f4 h5 16. dxc5 dxc5 17. Rd1 Nh6 18. Be2 0-0 19. Qd6 Na4 20. Qxc7 Rxc7 21. Bc1 c4 22. Bf3 b4 23. Rd6 Bf6 24. Ne2 Be7 25. Rdd1 Kh7 26. Nh3 f6 27. Nd4 Nc5 28. Rhe1 e5 29. Ne2 Nxe4 30. fxe5 fxe5 31. Neg1 Ng3 32. Bxb7 Rxb7 33. Nf3 Nf7 34. Rd5 e4 35. Nfg5+ Nxg5 36. Nxg5+ Bxg5 37. Rxg5 Rf1 38. Rxf1 Nxf1 39. Re5 Rd7 40. c3 bxc3 41. bxc3 Ng3 42. Kc2 Rf7 43. Be3 Rf1 44. Re7+ Kg8 45. Ra7 Nf5 46. Kd2 Rb1 47. Kc2 Ra1 48. Kb2 Re1 49. Bg5 Re2+ 50. Ka3 Rxg2 51. Rxa6 Kf7 52. Rf6+ Kg7 53. Re6 e3 54. Bxe3 Kf7 55. Re4 Re2 56. Rxc4 Nxe3 57. Rc6 Rh2 58. Kb3 Rxh4 59. a4 Rc4 60. Rd6 Rc7 61. Rd4 g5 62. a5 h4 63. Rd3 Nc4 64. a6 g4 65. Rd4 Ne5 66. Rb4 h3 67. Rb7 Rxb7+ 68. axb7 Nd7 0-1

[Event "Titled Tuesday intern op 01st Apr Late"]
[Site "Chess.com INT"]
[Date "2025.04.01"]
[Round "9"]
[White "Ambartsumova, Karina"]
[Black "Holinka, Henning"]
[Result "1-0"]
[WhiteElo "2405"]
[BlackElo "2292"]
[PlyCount "79"]
[EventDate "2025.04.01"]
[EventType "swiss (blitz)"]
[EventRounds "11"]
[EventCountry "USA"]
[SourceTitle "CB21_2025"]
[SourceDate "2025.05.21"]
[SourceVersion "1"]
[SourceVersionDate "2025.05.21"]
[SourceQuality "1"]

1. Nf3 d5 2. e3 Nf6 3. c4 e6 4. Nc3 Bd6 5. b3 b6 6. Bb2 Bb7 7. d4 Nbd7 8. Be2 0-0 9. Rc1 a6 10. 0-0 Ne4 11. a3 f5 12. b4 c6 13. h3 Qf6 14. Qb3 g5 15. b5 axb5 16. cxb5 c5 17. Nxe4 dxe4 18. dxc5 Qh6 19. cxd6 exf3 20. Bxf3 Bxf3 21. gxf3 g4 22. f4 Qxh3 23. Qxe6+ Rf7 24. Qd5 Re8 25. Rc7 g3 26. Qg2 Qxg2+ 27. Kxg2 gxf2 28. Kxf2 Nc5 29. Rg1+ Kf8 30. Bg7+ Rxg7 31. Rgxg7 Ne4+ 32. Ke2 Nxd6 33. Rxh7 Kg8 34. Rcg7+ Kf8 35. Rd7 Kg8 36. Rh6 Ne4 37. Rxb6 Rc8 38. Rc6 Ra8 39. b6 Rxa3 40. Rc8# 1-0